000
00376nam a2200145Ia 4500
008
231129s1974||||xx |||||||||||||| ||spa||
020
_a
84-02-03818-2
040
_b
spa
082
_a
873.01 P497a
100
_a
Petronio Cayo
245
0
_a
El satiricon
260
_c
1974
264
_a
Barcelona EspaƱa : Bruguera
942
_2
ddc
_c
BKS
999
_c
12372
_d
12372